Open Data Biblioteca Nacional de Portugal


República Portuguesa: Ministério da Cultura
Biblioteca Nacional de Portugal

Catálogo da BNP: acesso por Identificadores Unívocos
Registos Bibliográficos associados ao registo de autoridade

Etiqueta de registo: 00000nam 2200025 450
001 1885975
003 http://id.bnportugal.gov.pt/bib/catbnp/1885975
021 ## $aPT$b358439/13
100 ## $a20141010d2013 m y0pory01030103ba
101 1# $apor
102 ## $aPT
105 ## $aa z 000gy
106 ## $ar
200 1# $aQue o fogo recorde os nosso nomes$fAntonio Orihuela$gtrad. Manuel A. Domingos
210 #9 $a[Coimbra]$cMedula,$d2013
215 ## $a37, [4] p.$cil.$d18 cm
675 ## $a821.134.2-1"19/20"$vBN$zpor$3955160
700 #1 $aOrihuela,$bAntonio$f1965-$31589264
702 #1 $aDomingos,$bManuel A.,$f1977-$4730$31403929
801 #0 $aPT$bBN$gRPC
856 41 $uhttp://rnod.bnportugal.gov.pt/ImagesBN/winlibimg.aspx?skey=&doc=1885975&img=50143&save=true
900 ## $aBIBNAC$d20141104
966 ## $lBN$mFGMON$sL. 109022 P.$x1

Etiqueta de registo: 00896nam 02200301 04500
001 2283349
003 http://id.bnportugal.gov.pt/bib/catbnp/2283349
021 ## $aPT$b558244/25
100 ## $a20260331d2026 m y0pory01030103ba
101 1# $apor$cspa
102 ## $aPT
105 ## $aa z 000gy
106 ## $ar
200 1# $aSem fim$eantologia pessoal, 1993-2023$fAntonio Orihuela$gtrad. Carlos D'Abreu, Albino Matos$gil. António Poppe
210 #9 $a[S.l.]$cSr Teste,$d2026
215 ## $a223, [13] p.$cil.$d20 cm
225 2# $aFulgor quotidiano$v81
675 ## $a821.134.2-1"19/20"$vBN$zpor$3955160
700 #1 $aOrihuela,$bAntonio$f1965-$31589264
702 #1 $aAbreu,$bCarlos de,$f1961-$4730$3938453
702 #1 $aMatos,$bAlbino$4730$367649
702 #1 $aPoppe,$bAntónio,$f1968-$4440$3959961
801 #0 $aPT$bBN$gRPC
856 41 $uhttp://rnod.bnportugal.gov.pt/ImagesBN/winlibimg.aspx?skey=&doc=2283349&img=221483&save=true
900 ## $aBIBNAC$d20260428
966 ## $lBN$mFGMON$sL. 123787 P.$x1
966 ## $lBN$mFGMON$sL. 123787 P.-D$x1
971 ## $corlando$d20260331
972 ## $e0$z0$d20260428$vlrevez
973 ## $csteixeira$d20260420

OpendataBNP@bnportugal.pt | Mais informação sobre acesso aos dados BNP